[Event "GAMMA Reykjavik Open 2018 - Bobby Fische"]
[Site "Reykjavik, "]
[Date "2018.03.13"]
[Round "8.25"]
[White "Pantzar, Milton"]
[Black "Abrahamyan, Tatev"]
[Result "0-1"]
[WhiteElo "2263"]
[BlackElo "2369"]
[PlyCount "74"]
[EventDate "2018.03.06"]

1. d4 Nf6 2. c4 e6 3. Nc3 Bb4 4. e3 O-O 5. Bd3 d5 6. cxd5 exd5 7. Nge2 Re8 8.
Bd2 c6 9. O-O Nbd7 10. f3 c5 11. a3 Ba5 12. dxc5 Nxc5 13. Bb5 Ncd7 14. Nf4 Re5
15. Nce2 Nf8 16. Nd4 Bxd2 17. Qxd2 Bd7 18. Bd3 Qe7 19. Rae1 Re8 20. Nc2 Ba4 21.
Nd4 g5 22. Nfe2 Bd7 23. Nc2 Ng6 24. Ned4 Nh5 25. g3 Bh3 26. Rf2 f5 27. Bb5 Rd8
28. f4 gxf4 29. gxf4 Re4 30. Bd3 Nh4 31. Kh1 Kf7 32. Rg1 Rd6 33. Bxe4 Qxe4+ 34.
Rgg2 Bxg2+ 35. Rxg2 Rg6 36. Ne1 Nf6 37. Qb4 Nxg2 0-1

[Event "GAMMA Reykjavik Open 2018 - Bobby Fische"]
[Site "Reykjavik, "]
[Date "2018.03.13"]
[Round "8.47"]
[White "Magnusson, Magnus"]
[Black "Nebolsina, Vera"]
[Result "1/2-1/2"]
[WhiteElo "2023"]
[BlackElo "2211"]
[PlyCount "92"]
[EventDate "2018.03.06"]

1. e4 c5 2. Nc3 d6 3. g3 Nc6 4. Bg2 g6 5. d3 Bg7 6. Be3 e5 7. Qd2 Nf6 8. Bh6
Bxh6 9. Qxh6 Nd4 10. Qd2 h5 11. h3 Be6 12. Nd5 Nxd5 13. exd5 Bd7 14. c3 Nf5 15.
Ne2 Qf6 16. Rf1 g5 17. O-O-O Ne7 18. Kb1 Qg6 19. Ka1 Rc8 20. Rc1 c4 21. dxc4
Rxc4 22. b3 Rc8 23. c4 g4 24. h4 Qh6 25. Qb4 b6 26. Rfd1 O-O 27. Nc3 f5 28. Ne2
Qf6 29. Kb1 f4 30. gxf4 Bf5+ 31. Rc2 Qg6 32. Rdd2 Bxc2+ 33. Rxc2 exf4 34. Nd4
f3 35. Bf1 Qf6 36. Ne6 Nf5 37. Nxf8 Rxf8 38. Qd2 Nxh4 39. Rc1 Ng6 40. Qh6 Nf4
41. Qxf6 Rxf6 42. b4 h4 43. c5 dxc5 44. bxc5 bxc5 45. Bc4 Kf8 46. Kc2 g3
1/2-1/2

[Event "GAMMA Reykjavik Open 2018 - Bobby Fische"]
[Site "Reykjavik, "]
[Date "2018.03.13"]
[Round "8.48"]
[White "Thurlow, Kevin J"]
[Black "Loew, Gerald"]
[Result "0-1"]
[WhiteElo "1999"]
[BlackElo "2204"]
[PlyCount "132"]
[EventDate "2018.03.06"]

1. c4 e5 2. Nc3 d6 3. e3 f5 4. Nge2 Nf6 5. d4 Be7 6. g3 O-O 7. Bg2 c6 8. O-O
Be6 9. b3 Bf7 10. Qc2 g6 11. Bb2 Nbd7 12. Rad1 Qc7 13. Qb1 a6 14. Rd2 Rad8 15.
Rc1 Rfe8 16. e4 fxe4 17. Nxe4 Nxe4 18. Bxe4 Bg5 19. f4 exf4 20. gxf4 d5 21.
Bxd5 cxd5 22. fxg5 dxc4 23. bxc4 Qa5 24. Qd3 Qxg5+ 25. Ng3 Re3 26. Qc2 Rde8 27.
Rf1 Re1 28. Rdf2 Rxf1+ 29. Kxf1 Be6 30. Qc3 Bh3+ 31. Kg1 Re3 32. Qd2 Nf6 33.
Bc1 Rxg3+ 34. hxg3 Qxg3+ 35. Kh1 Ne4 36. Rg2 Bxg2+ 37. Qxg2 Nf2+ 38. Kg1 Qxg2+
39. Kxg2 Nd3 40. Bg5 Kf7 41. Kf3 b5 42. cxb5 axb5 43. Ke4 Nb4 44. a3 Nc2 45.
Bc1 Ke6 46. d5+ Kd6 47. Bh6 Kd7 48. Bf8 h5 49. Kf4 Nd4 50. Kg5 Nf3+ 51. Kf4 Nd2
52. Bb4 Nc4 53. Bc5 h4 54. Kg4 g5 55. Kxg5 h3 56. Bg1 Kd6 57. Kh4 Kxd5 58. Kxh3
Nxa3 59. Be3 Nc4 60. Bc1 Ke4 61. Kg3 b4 62. Kf2 Kd3 63. Ke1 b3 64. Kd1 Ne3+ 65.
Ke1 Kc2 66. Ba3 Nc4 0-1

[Event "GAMMA Reykjavik Open 2018 - Bobby Fische"]
[Site "Reykjavik, "]
[Date "2018.03.13"]
[Round "8.92"]
[White "Hjaltason, Elvar Orn"]
[Black "Agustsson, Hafsteinn"]
[Result "0-1"]
[WhiteElo "1639"]
[BlackElo "1853"]
[PlyCount "64"]
[EventDate "2018.03.06"]

1. d4 d5 2. c4 e6 3. Nc3 Bb4 4. e3 Nf6 5. Bd3 O-O 6. Nge2 c5 7. O-O cxd4 8.
Nxd4 Bxc3 9. bxc3 e5 10. Nb3 dxc4 11. Bxc4 Qc7 12. Qe2 a6 13. e4 Nbd7 14. f4 b5
15. Bd3 Qxc3 16. Bb2 Qc7 17. Rac1 Qb6+ 18. Kh1 Re8 19. f5 Bb7 20. g4 Rec8 21.
g5 Ne8 22. Rf3 Rxc1+ 23. Bxc1 Nd6 24. f6 Qc6 25. Re3 gxf6 26. gxf6 Nxf6 27.
Qg2+ Kh8 28. Qg5 Ndxe4 29. Bxe4 Nxe4 30. Qxe5+ f6 31. Qf4 Ng3+ 32. Kg1 Qg2# 0-1